Catálogo
 En Linea

Guía de arquitectura San Pedro de Macorís : (Registro nro. 50350)

Detalles MARC
000 -CABECERA
campo de control de longitud fija 00916nam a22002537a 4500
003 - IDENTIFICADOR DEL NÚMERO DE CONTROL
campo de control DO-SdBNP
005 - FECHA Y HORA DE LA ÚLTIMA TRANSACCIÓN
campo de control 20210928141256.0
007 - CAMPO FIJO DE DESCRIPCIÓN FÍSICA--INFORMACIÓN GENERAL
campo de control de longitud fija ta
008 - DATOS DE LONGITUD FIJA--INFORMACIÓN GENERAL
campo de control de longitud fija 210831e2018 dr abc|er|||| 001 0 spa d
040 ## - FUENTE DE LA CATALOGACIÓN
Centro catalogador/agencia de origen DO-SdBNP
Lengua de catalogación spa
Centro/agencia transcriptor BNPHU
041 ## - CÓDIGO DE LENGUA
Código de lengua original spa
082 #4 - NÚMERO DE LA CLASIFICACIÓN DECIMAL DEWEY
Número de edición 22
Número de documento/Ítem H694g
100 1# - ENTRADA PRINCIPAL--NOMBRE DE PERSONA
Nombre de persona Hoepelman, Virgilio A.
9 (RLIN) 79673
245 00 - MENCIÓN DE TÍTULO
Título Guía de arquitectura San Pedro de Macorís :
Resto del título serie 023 /
Mención de responsabilidad, etc. Virgilio A. Hoepelman; Melisa Vargas , ed. ; Yin Lai Trinidad, fot.
260 ## - PUBLICACIÓN, DISTRIBUCIÓN, ETC.
Lugar de publicación, distribución, etc. [Santo Domingo] :
Nombre del editor, distribuidor, etc. Cooperación Española,
Fecha de publicación, distribución, etc. 2019
300 ## - DESCRIPCIÓN FÍSICA
Extensión 83 p. :
Otras características físicas il., mapas, retr. ;
Dimensiones 25 cm.
500 ## - NOTA GENERAL
Nota general Incluye datos biográficos de los autores.
500 ## - NOTA GENERAL
Nota general Incluye bibliografía: p. 82.
590 ## - NOTA LOCAL (RLIN)
Nota local Inventariado 2021 / MF
700 12 - PUNTO DE ACCESO ADICIONAL--NOMBRE DE PERSONA
Nombre de persona Vargas, Melisa,
9 (RLIN) 79675
Código de función/relación ed.
700 12 - PUNTO DE ACCESO ADICIONAL--NOMBRE DE PERSONA
Nombre de persona Trinidad, Yin Lai,
Término indicativo de función/relación fot.
9 (RLIN) 80062
710 ## - PUNTO DE ACCESO ADICIONAL--NOMBRE DE ENTIDAD CORPORATIVA
Nombre de entidad corporativa o nombre de jurisdicción como elemento de entrada Agencia de Cooperacion Intenacional para el Desarrollo (AECID)
9 (RLIN) 80063
942 ## - ELEMENTOS DE PUNTO DE ACCESO ADICIONAL (KOHA)
Fuente del sistema de clasificación o colocación Dewey Decimal Classification
Tipo de ítem Koha Libro
Existencias
Estado de retiro Estado de pérdida Fuente del sistema de clasificación o colocación Restricciones de uso No para préstamo Código de colección Localización permanente Ubicación/localización actual Ubicación en estantería Fecha de adquisición Fuente de adquisición Total de préstamos Signatura topográfica completa Código de barras Fecha visto por última vez Precio válido a partir de Tipo de ítem Koha Número de copia
    Dewey Decimal Classification Préstamo en sala   Dominicana de Servicio Biblioteca Nacional Pedro Henríquez Ureña General Depósito 05.03.2020 Donado por Editora Búho   H694g 2021-27079 31.08.2021 31.08.2021 Libro y Folleto Colección Dominicana de Servicio e.3
    Dewey Decimal Classification Préstamo en sala   Dominicana de Servicio Biblioteca Nacional Pedro Henríquez Ureña General Depósito 05.03.2020 Donado por Editora Búho   H694g 2021-27080 28.09.2021 28.09.2021 Libro y Folleto Colección Dominicana de Servicio e.4
    Dewey Decimal Classification Préstamo en sala   Dominicana de Servicio Biblioteca Nacional Pedro Henríquez Ureña General Depósito 05.03.2020 Donado por Editora Búho   H694g 2021-27081 28.09.2021 28.09.2021 Libro y Folleto Colección Dominicana de Servicio e.5
    Dewey Decimal Classification Excluido de préstamo   Patrimonio Dominicano Biblioteca Nacional Pedro Henríquez Ureña Patrimonio Dominicano Depósito 05.03.2020 Donado por Editora Búho   H694g 2021-27077 31.08.2021 31.08.2021 Libro y Folleto Colección Patrimonio Dominicano  
    Dewey Decimal Classification Excluido de préstamo   Patrimonio Dominicano Biblioteca Nacional Pedro Henríquez Ureña Patrimonio Dominicano Depósito 05.03.2020 Donado por Editora Búho   H694g 2021-27078 31.08.2021 31.08.2021 Libro y Folleto Colección Patrimonio Dominicano e.2

Con tecnología Koha